000 00542nam a22001697a 4500
005 20251108171249.0
008 250721s1993 xx 000 0 ara d
082 1 4 _aم/793.74/جبا
100 1 _aالمياح، جبار موحي دغيبش
245 1 0 _aالكتاب الفريد :
_bالأرقام تنطيق بالأسماء و الأفعال و بكافة لغات العالم /
264 1 _aعمان :
_c1993.
300 _a128ص
650 1 7 _aالألغاز
650 1 7 _aالأعداد
942 _2ddc
_cREF
999 _c60805
_d60805